|
|
|
|
| LEADER |
01060nam a2200277 u 4500 |
| 001 |
10030825 |
| 003 |
upatras |
| 005 |
20210117210051.0 |
| 008 |
991103s1997 uk eng |
| 020 |
|
|
|a 186189001X
|
| 040 |
|
|
|a GR-PaULI
|c GR-PaULI
|
| 041 |
0 |
|
|a eng
|
| 082 |
0 |
4 |
|a 704.948 2
|
| 100 |
1 |
|
|a Cormack, Robin
|9 5294
|
| 245 |
1 |
0 |
|a Painting the soul
|b icons, death masks, and shrouds
|c Robin Cormack
|
| 260 |
|
|
|a London
|b Reaktion Books
|c 1997
|
| 300 |
|
|
|a 248 p.
|b phot.
|c 23 cm.
|
| 490 |
0 |
|
|a Essays in art and culture
|
| 504 |
|
|
|a Includes references, general bibliography and list of illustrations
|
| 650 |
|
4 |
|a Τέχνη
|x Χριστιανισμός
|9 57256
|
| 760 |
0 |
|
|a Essays in art and culture
|
| 852 |
|
|
|a GR-PaULI
|b ΠΑΤΡΑ
|b ΒΚΠ
|b ΒΣ1
|k ΑΣΧΞ
|h 704.948 2 C
|m 052266
|p 025000067875
|t 1
|
| 942 |
|
|
|2 ddc
|c BK15
|
| 952 |
|
|
|0 0
|1 0
|4 0
|6 704_948000000000000_2_C
|7 0
|9 200256
|a LISP
|b LISP
|c BSC
|d 2016-04-24
|i 052266
|l 0
|o 704.948 2 C
|p 025000067875
|r 2016-04-24 00:00:00
|t 1
|w 2016-04-24
|y BK15
|
| 998 |
|
|
|c ΗΛΙΟΠΟΥΛΟΥ
|d 1999-11
|
| 999 |
|
|
|c 122718
|d 122718
|